| 000 | 00574nam a2200169Ia 4500 | ||
|---|---|---|---|
| 003 | GCL | ||
| 008 | 140319s9999 xx 000 0 ara d | ||
| 040 |
_aGCL / _cGCL |
||
| 082 | 0 | 4 |
_a371.3 _bف م |
| 100 | 1 | _aفاطمة ابراهيم حميدة | |
| 245 | 1 | 0 |
_aمهارات واساليب الغاء الاسئلة فى تدريس المواد الاجتماعية / _cفاطمة ابراهيم حميدة |
| 260 |
_a[S.N] : _bمكتبة النهضة المصرية ، _c1986 |
||
| 300 | _a176 ص | ||
| 490 | _a | ||
| 650 | 0 | 4 | _aالتدريس - طرق |
| 942 |
_2ddc _cBK |
||
| 999 |
_c36394 _d36394 |
||